000 00335nam a2200145 a 4500
008 001121s1973||||xx 0 und c
040 _aSNK
_bslo
_cSNK
_eAACR2
100 1 _aFrance, Anatole
245 1 0 _aČervená ľalia
260 _aBratislava
_bSmena
_c1973
300 _a291 s.
020 _c17
044 _axo
_cSK
041 _aslo
999 _c10582
_d10582